000 00403nam a2200133Ia 4500
008 211109s9999||||xx |||||||||||||| ||und||
082 _a894.8123
_bNAR-K
100 _aNarayana Panicker, R,
245 0 _aKusuma
260 _bNATIONAL BOOKSTALL
_aKottayam
_c1957
630 _xGeneral Stack
650 _aMalayalam literature
_vmalayalam fictionmalayalam novelmalayalam stories
_xGeneralia
942 _cBOOK
999 _c18334
_d18334